00841nam a2200217 a 450000100060000000300060000600500170001200800410002904000180007004100080008808200250009610000370012124501750015825000120033326000920034530000260043750400460046365000310050965100490054071000340058942228UkOxU20211209053518.0160611s1953 nyu b 001 0 eng d aTTJcTTJbeng aeng 223a327.73bSTU 19531 aStebbins, Richard P.d1913-2011.14aThe United States in world affairs, 1952 /cby Richard P. Stebbins and the research staff of the Council on Foreign Relations ; with an introduction by William L. Langer. a1st ed. aNew York :bPublished for the Council on Foreign Relations by Harper & Brothers,c1953. axiv, 492 p. ;c23 cm. aIncludes selected bibliography and index. 0aWorld politicsy1945-1955. 0aUnited StatesxForeign relationsy1945-1953.2 aCouncil on Foreign Relations.